000 00589nam a22001937a 4500
005 20251108175507.0
008 250721s2014 xx 000 0 ara d
082 1 4 _a956.106/كيل
100 1 _aكيلة، سلامة
245 1 0 _aثورة حقيقية : منظور ماركسي للثورة السورية /
264 1 _aرأس الخيمة :
_bدار نون للنشر،
_c2014.
300 _a191ص.
650 1 7 _aالثورات
650 1 7 _aالماركسية
650 1 7 _aسورية
650 1 7 _aالثورة السورية 2011
942 _2ddc
_cBK
999 _c135434
_d135434